000 00537nam a2200169 i 4500
001 27929
003 ES-MaACL
005 20230906153730.0
007 t|
008 030115s1911 sp ||||1| spa d
100 1 _aBacariza Varela, Francisco.
_924442
245 1 3 _aEl laboratorio y los derrames tuberculosos
_b: (cito y sero-diagnóstico) /
_cFrancisco Bacariza Varela.
260 _aSantiago :
_b[s.n.],
_c1911 (
_fTip. El Eco de Santiago)
300 _a59 p. ;
_c17 cm.
502 _aTesis doctoral.
852 _aES-MaACL
_jT-1314-F-1
999 _c27929
_d27929